Prophecy in the ring / (Record no. 4446)

MARC details
000 -LEADER
fixed length control field 00604nam a2200229 i 4500
001 - CONTROL NUMBER
control field 2424381
003 - CONTROL NUMBER IDENTIFIER
control field OSt
005 - DATE AND TIME OF LATEST TRANSACTION
control field 20181205184550.0
008 - FIXED-LENGTH DATA ELEMENTS--GENERAL INFORMATION
fixed length control field 760813s1976 coua b 000 0 eng
010 ## - LIBRARY OF CONGRESS CONTROL NUMBER
LC control number 76008736
020 ## - INTERNATIONAL STANDARD BOOK NUMBER
International Standard Book Number 0916406210 :
040 ## - CATALOGING SOURCE
Original cataloging agency DLC
Transcribing agency DLC
Modifying agency BSC
082 ## - DEWEY DECIMAL CLASSIFICATION NUMBER
Classification number 220.15
Item number L724P
092 ## - LOCALLY ASSIGNED DEWEY CALL NUMBER (OCLC)
Classification number 220.15
Item number L724p
100 1# - MAIN ENTRY--PERSONAL NAME
Personal name Lightner, Robert Paul.
245 10 - TITLE STATEMENT
Title Prophecy in the ring /
Statement of responsibility, etc. Robert P. Lightner.
260 ## - PUBLICATION, DISTRIBUTION, ETC.
Place of publication, distribution, etc. Denver :
Name of publisher, distributor, etc. Accent Books,
Date of publication, distribution, etc. c1976.
300 ## - PHYSICAL DESCRIPTION
Extent 127 p. :
Other physical details ill. ;
Dimensions 21 cm.
504 ## - BIBLIOGRAPHY, ETC. NOTE
Bibliography, etc. note Bibliography: p. 123-126.
630 00 - SUBJECT ADDED ENTRY--UNIFORM TITLE
Uniform title Bible
General subdivision Prophecies.
942 ## - ADDED ENTRY ELEMENTS (KOHA)
Source of classification or shelving scheme Dewey Decimal Classification
Koha item type Books
Holdings
Withdrawn status Lost status Source of classification or shelving scheme Damaged status Not for loan Collection code Home library Current library Shelving location Date acquired Cost, normal purchase price Total Checkouts Full call number Barcode Date last seen Price effective from Koha item type
    Dewey Decimal Classification   Not For Loan Non-fiction Harvest Mission College Harvest Mission College General Stacks 05.12.2018 120.00   220.15 L724P 005086 05.12.2018 05.12.2018 Books

OPAC Designed and Maintained by HMC Library Team.
Copyright © HMC Library,Greater Noida, UP.
For any Suggestions/Query Contact library via Email:libhmc@gmail.com